000 00517nam a2200181 a 4500
001 000041421
005 20201002034856.0
008 131003s1981 xxu 000 0 spa d
040 _aDO-SdBNP
_beng
_cBNPHU
082 _axxxx
_bxxx
100 1 _aStevenson, Robert Louis
_964299
245 1 0 _aTreasure island. /
_cRobert Louis Stevenson.
260 _aNew York :
_bPenguin group,
_c1981.
300 _a222 p. ;
_c18 cm.
490 1 _aSignet classic
504 _aBibliography p: 223
830 0 _aSignet classic
_968091
999 _c40911
_d40911